| 000 | 00574nam a22001697a 4500 | ||
|---|---|---|---|
| 999 |
_c15030 _d15030 |
||
| 003 | OSt | ||
| 082 | _2631.3 SEL/EV | ||
| 088 | _aT 45 | ||
| 100 |
_aSELVAN P _92328 |
||
| 245 | _aEvaluation and modification of power tiller operated paddy reaper | ||
| 260 |
_aTavanur 1995 _bKelappaji college of Agricultural Engineering and Technology |
||
| 300 | _a125 | ||
| 500 | _aEvaluation and modification of power tiller operated paddy reaper | ||
| 520 | _aEvaluation and modification of power tiller operated paddy reaper | ||
| 700 |
_aDr. M Sivaswami (Guide) _92207 |
||
| 942 | _cTH | ||